000 00276nam a22001217a 4500
008 181106b xxu||||| |||| 00| 0 eng d
041 _aeng
080 _a370
100 _a49
101 _aEDU
245 _aFocus On College And Carer Success
_cSteve.S
942 _2udc
_cBK
999 _c52011
_d52011